1678 1756 1496 1142 1267 1729 1876 1970 1654 1554 1670 1724 1665 1566 1106 1328 1459 1706 1608 1912 1034 1638 1461 1872 1160 1840 1489 1372 1947 1171 1260 1838 1583 1675 1390 1066 1227 1336 1311 1804 1634 1301 1206 1276 1612 1206 1946 1592 1586 1720 1854 1402 1491 1770 1946 1273 1216 1702 1248 1576 1425 1733 1825 1900 1592 1387 1406 1527 1527 1699 1871 1052 1546 1510 1733 1655 1867 1529 1713 1102 1048 1752 1278 1351 1576 1279 1021 1533 1087 1362 1128 1979 1405 1687 1937 1424 1279 1440 1454 BCNSPRNW ULIB Ver.6.0+V

เปลี่ยนเป็นภาษาไทย

Change to English
 แสดงรายละเอียดบรรณานุกรม
  กลับหน้าหลัก

Brief Record : Get Marc (ISO 2709) : E-mail record : QR code < ปิดหน้าต่าง
LEADER : 00000nam 2200000uu 4500
001    13399121682
003     ULIB
008    121129s2551||||th 000 0 tha d
020    ^a9789740536932
060 04 ^aWS113^bอ131ภ
100 0  ^aอดิศักดิ์ ผลิตผลการพิมพ์
245 10 ^aภัยใกล้ตัวที่พ่อแม่มองไม่เห็นเด็กไทยจมน้ำตายอันดับหนึ่ง /^cอดิศักดิ์ ผลิตผลการพิมพ์
250    ^aพิมพ์ครั้งที่ 1
260    ^aกรุงเทพฯ :^bเนชั่นบุ๊คส์,^c2551
300    ^a182 หน้า
650  7 ^aสุขภาพ
650  7 ^aเด็ก
650  7 ^aภัยใกล้ตัว
650  7 ^aจมน้ำตาย
945    ^p165^l0^i15362
995    ^aวิภา
999 ^a ใช้งานได้ทุกระบบ
รายการนี้ยังไม่มีแท็ก
คุณยังไม่ได้ล็อกอิน คุณสามารถมีกิจกรรมร่วมกับเว็บไซต์ได้ แต่ต้องล็อกอินก่อน ::
  ล็อกอิน

รายการสื่อสารสนเทศ

ลำดับที่ ประเภท เลขเรียก/บาร์โค้ด สถานที่ สถานะ
1. วิทยาศาสตร์การแพทย์ และสุขภาพ
วิทยาศาสตร์การแพทย์ และสุขภาพ
WS113 อ131ภ  
  Barcode: 15362
ห้องสมุดวิทยาเขตสวรรค์ประชารักษ์
►ส่วนจัดเก็บหนังสือเก่า สปร
บนชั้น
  ขอยืม

รายการใกล้เคียง
    ผู้แต่ง [อดิศักดิ์ ผลิตผลการพิมพ์]

    หัวเรื่อง [สุขภาพ]
    หัวเรื่อง [เด็ก]
    หัวเรื่อง [ภัยใกล้ตัว]
    หัวเรื่อง [จมน้ำตาย]

BibComment


ยังไม่เคยถูกคอมเมนท์

คอมเมนท์ทรัพยากรรายการนี้
  คอมเมนท์: ภัยใกล้ตัวที่พ่อ..


 Copyright 2026. Bcnsprnw @Library